000 00559ntaaa2200193 4500
003 01
005 20251027203045.0
008 0714s1973 ag 01
040 _aAR-BaBN
_bspa
_cAR-BaBN
_eaacr
_dRIC
082 _a842.0000 Sa1d
100 _aSade, Donatien-Alphonse-Francois, Marqués de
_931722
245 _aDiálogo entre un sacerdote y un moribundo
250 _a1 ed.
260 _aBuenos Aires :
_bRodolfo Alonso Editor,
_c1975
300 _a62 p. ;
_c18 cm
500 _aTapa en mala condición
650 _aLiteratura francés
_931723
942 _cBK
999 _c25918
_d25918